Ефимова держава: Роман

Bibliografiske detaljer
Hovedforfatter: Зверев А. В. Алексей Васильевич
Andre forfattere: Сергеев В. А. (иллюстратор)
Summary:Исключено из фонда НТБ ТПУ
Sprog:russisk
Udgivet: Москва, Современник, 1989
Format: MixedMaterials Bog
KOHA link:https://koha.lib.tpu.ru/cgi-bin/koha/opac-detail.pl?biblionumber=139008

MARC

LEADER 00000nam1a2200000 4500
001 139008
005 20231031141621.0
010 |a 5270003945 
020 |a RU  |b 89-59935 
035 |a (RuTPU)RU\TPU\book\150612 
090 |a 139008 
100 |a 20080602d1989 m y0rusy5003 ca 
101 0 |a rus 
200 1 |a Ефимова держава  |e Роман  |f А. В. Зверев  |g худож. В. А. Сергеев 
210 |a Москва  |c Современник  |d 1989 
215 |a 362,[2] с.  |c ил.  |d 21 см 
333 |a Исключено из фонда НТБ ТПУ 
700 1 |a Зверев  |b А. В.  |g Алексей Васильевич  |4 070 
702 1 |a Сергеев  |b В. А.  |4 440 
801 0 |a RU  |b RuMRKP  |c 19950417  |g psbo 
801 1 |a RU  |b 63413507  |c 20080602  |g PSBO 
801 2 |a RU  |b 63413507  |c 20170516  |g PSBO 
942 |c BK